Impuesto a los ingresos brutos (Registro nro. 23034)
[ vista simple ]
| 000 -LEADER | |
|---|---|
| fixed length control field | 00384 a2200133 4500 |
| 001 - CONTROL NUMBER | |
| control field | ART_30276 |
| 005 - DATE AND TIME OF LATEST TRANSACTION | |
| control field | 20260410161829.0 |
| 008 - FIXED-LENGTH DATA ELEMENTS--GENERAL INFORMATION | |
| fixed length control field | 260409a |
| 100 1# - MAIN ENTRY--PERSONAL NAME | |
| Personal name | Porto, Alberto |
| 245 10 - TITLE STATEMENT | |
| Title | Impuesto a los ingresos brutos |
| 700 1# - ADDED ENTRY--PERSONAL NAME | |
| Personal name | Garriga, Marcelo |
| 700 1# - ADDED ENTRY--PERSONAL NAME | |
| Personal name | Rosales, Walter |
| 773 0# - HOST ITEM ENTRY | |
| Title | Estudios Económicos |
| Related parts | - Vol. 31, Nº 62 (ene./jun. 2014) |
| Record control number | REV5080 |
No hay ítems disponibles.